Statistics for Scottish Islands Map

Click here to take the quiz!

General Stats

  • This quiz has been taken 918 times
    (906 since last reset)
  • The average score is 33 of 100

Answers on the Map

Answers color-coded by a green-red scale on the quiz's map according to % correct below.
 

Answer Stats

Island GroupAnswers% Correct
Inner HebridesSkye
95%
Outer Hebrides{Lewis} and {Harris}
90%
Inner HebridesMull
86%
Firth of ClydeArran
84%
Inner HebridesIslay
78%
Outer HebridesNorth {Uist}
77%
Outer HebridesSouth {Uist}
77%
Inner HebridesJura
75%
Inner HebridesRùm
75%
Firth of ClydeBute
72%
Inner HebridesEigg
68%
Outer HebridesBarra
63%
Orkney | ShetlandMainland
63%
Inner HebridesTiree
61%
Inner HebridesIona
60%
Inner HebridesColl
59%
Outer HebridesBenbecula
57%
Inner HebridesMuck
56%
Firth of Clyde{Holy} Isle
54%
Inner HebridesRaasay
54%
OrkneyPapa {Westray}
50%
Inner HebridesColonsay
49%
Firth of ClydeGreat {Cumbrae}
48%
Firth of ClydeLittle {Cumbrae}
48%
OrkneyWestray
48%
OrkneyHoy
47%
Shetland{Fair} Isle
46%
Inner HebridesSouth {Rona}
46%
ShetlandYell
45%
ShetlandUnst
43%
Inner HebridesCanna (Canaigh)
42%
Inner HebridesGigha
37%
OrkneyNorth {Ronaldsay}
36%
OrkneySouth {Ronaldsay}
36%
Loch LinnheLismore
35%
Loch LinnheEriska
31%
St KildaHirta
31%
OrkneySanday
31%
Inner Hebrides | Outer HebridesScalpay
31%
Outer HebridesGreat {Bernera}
30%
Inner HebridesUlva
30%
Firth of LorneKerrera
28%
Inner HebridesOronsay
27%
Inner HebridesSoay
27%
Outer HebridesVatersay
27%
Loch EweIsle of {Ewe}
26%
Outer HebridesEriskay
24%
Inner HebridesLuing
24%
Outer Hebrides{Pabbay} (North)
24%
Outer Hebrides{Pabbay} (South)
24%
Outer HebridesMingulay
23%
OrkneyRousay
23%
ShetlandFetlar
22%
Inner HebridesSeil
22%
ShetlandFoula
21%
Inner HebridesGometra
21%
Outer HebridesBerneray
20%
Inner HebridesScarba
20%
OrkneyShapinsay
20%
OrkneyStronsay
20%
Outer HebridesTaransay
20%
OrkneyCalf of {Eday}
19%
ShetlandEast {Burra}
19%
OrkneyEday
19%
ShetlandPapa {Stour}
19%
ShetlandWest {Burra}
19%
OrkneyFlotta
18%
ShetlandWhalsay
18%
Inner HebridesEilean {Shona}
17%
Inner Hebrides{Lunga}, State Islands
17%
Pentland FirthStroma
17%
ShetlandBressay
16%
Inner HebridesShuna
16%
ShetlandBurray
15%
OrkneyGraemsay
15%
Inner HebridesHanda
15%
OrkneyEgilsay
14%
Outer HebridesGrimsay
14%
Outer HebridesSandray
14%
Outer HebridesScarp
14%
OrkneySouth {Walls}
13%
Outer HebridesBaleshare
12%
Firth of ClydeInchmarnock
12%
Summer Isles{Tanera} Mòr
12%
OrkneyWyre
12%
OrkneyGairsay
11%
ShetlandMuckle Roe
11%
ShetlandNoss
11%
Outer HebridesRonay
11%
Outer Hebrides{Seaforth} Island
11%
Outer HebridesWiay
11%
Inner HebridesDanna
10%
Outer HebridesVallay
10%
OrkneyFara
9%
ShetlandHascosay
8%
ShetlandTrondra
8%
ShetlandVaila
8%
ShetlandVementry
8%

Score Distribution

Percentile by Number Answered

Percent of People with Each Score

Your Score History

You have not taken this quiz since the last reset